[Event "32. Potsdamer Weihnachtsturnier"]
[Site "?"]
[Date "2007.12.29"]
[Round "5.1"]
[White "Figura, Atila Gajo"]
[Black "Holzschuh, Stephan"]
[Result "1-0"]
[WhiteElo "2414"]
[BlackElo "2297"]
[PlyCount "79"]

1. d4 Nf6 2. c4 c5 3. d5 b5 4. cxb5 a6 5. bxa6 Bxa6 6. Nc3 g6 7. e4 Bxf1 8.
Kxf1 d6 9. Nge2 Bg7 10. h3 O-O 11. Kg1 Nbd7 12. Kh2 Qa5 13. Rb1 Rfb8 14. Qc2
Ne8 15. b3 Nc7 16. Bg5 Ra6 17. a4 Qb6 18. Be3 Qb7 19. Rhd1 Qa8 20. f4 Rab6 21.
Nc1 Rf8 22. N1a2 Na6 23. Nb5 Rc8 24. Nac3 Nb4 25. Qe2 Rbb8 26. Bf2 Qa6 27. Qd2
Qa5 28. Rdc1 Ra8 29. Nd1 Qd8 30. Ne3 Nb6 31. Qe2 Qd7 32. Be1 e6 33. Bxb4 cxb4
34. Qd2 e5 35. f5 Bh6 36. Qf2 Qd8 37. Rc6 Rxc6 38. dxc6 d5 39. c7 Qd7 40. Ng4
1-0

[Event "32. Potsdamer Weihnachtsturnier"]
[Site "?"]
[Date "2007.12.29"]
[Round "5.2"]
[White "Brüdigam, Martin"]
[Black "Lenhardt, Manfred"]
[Result "1/2-1/2"]
[WhiteElo "2197"]
[BlackElo "2155"]
[PlyCount "78"]

1. e4 e6 2. d4 d5 3. Nd2 Nf6 4. Bd3 c5 5. dxc5 dxe4 6. Nxe4 Nxe4 7. Bxe4 Qxd1+
8. Kxd1 Bxc5 9. Ke2 Nc6 10. Be3 Bxe3 11. Bxc6+ bxc6 12. Kxe3 Ke7 13. Ne2 c5 14.
Rhd1 Bb7 15. g3 g5 16. Rd3 Rhd8 17. Rad1 Rd5 18. c4 Re5+ 19. Kd2 Rd8 20. Nc1 g4
21. Rxd8 Kxd8 22. Nd3 Rh5 23. Ke3 Kc7 24. Rd2 Rf5 25. f4 gxf3 26. g4 Rg5 27.
Kf4 f6 28. h4 e5+ 29. Kg3 Rg8 30. Nxc5 Bc8 31. g5 fxg5 32. hxg5 Rxg5+ 33. Kxf3
h5 34. Rh2 Kb6 35. b4 Rg4 36. Na4+ Kc7 37. Rxh5 Rxc4 38. Rh7+ Kc6 39. Rxa7 Rxb4
1/2-1/2

[Event "32. Potsdamer Weihnachtsturnier"]
[Site "?"]
[Date "2007.12.29"]
[Round "5.3"]
[White "Schirrmacher, Carsten"]
[Black "Reichenbach, Werner"]
[Result "0-1"]
[WhiteElo "2021"]
[BlackElo "2335"]
[PlyCount "42"]

1. d4 e6 2. c4 Nf6 3. Nf3 b6 4. g3 Ba6 5. b3 Bb4+ 6. Bd2 Be7 7. Bg2 c6 8. O-O
O-O 9. Bf4 d5 10. Nbd2 Nbd7 11. Qc2 Rc8 12. e4 c5 13. Ne5 cxd4 14. Qb2 g5 15.
Nxd7 Nxd7 16. exd5 exd5 17. Qxd4 gxf4 18. Qxf4 Bg5 19. Qg4 Ne5 20. Qe2 Bxd2 21.
Bxd5 Qxd5 0-1

[Event "32. Potsdamer Weihnachtsturnier"]
[Site "?"]
[Date "2007.12.29"]
[Round "5.4"]
[White "Mantau, Jan"]
[Black "Zschäbitz, Klaus"]
[Result "1/2-1/2"]
[WhiteElo "2230"]
[BlackElo "2101"]
[PlyCount "87"]

1. e4 e6 2. d3 d5 3. Nd2 Nf6 4. Ngf3 Nc6 5. g3 dxe4 6. dxe4 Bc5 7. Bg2 O-O 8.
O-O e5 9. c3 a5 10. Qc2 h6 11. Nc4 Qe7 12. Ne3 Be6 13. Nh4 Rfd8 14. Nef5 Qf8
15. Qe2 Ne7 16. Ne3 b6 17. f4 Nc6 18. Kh1 Bc8 19. Nhf5 Ba6 20. c4 Nd4 21. Nxd4
exd4 22. e5 Nd7 23. Bxa8 Rxa8 24. Ng2 Re8 25. Qd3 f6 26. Bd2 Qf7 27. b3 fxe5
28. fxe5 Qh5 29. Rf5 Qh3 30. Nf4 Bb7+ 31. Kg1 Qg4 32. h3 Qf3 33. Qxf3 Bxf3 34.
Re1 d3+ 35. Kf1 Bd4 36. Nxd3 Bc6 37. Be3 Bc3 38. Rd1 Be4 39. Rf2 g5 40. Kg1 c5
41. Kh2 Kg7 42. Nf4 Nxe5 43. Nh5+ Kh8 44. Rd6 1/2-1/2

[Event "32. Potsdamer Weihnachtsturnier"]
[Site "?"]
[Date "2007.12.29"]
[Round "5.5"]
[White "Lindemann, Frank"]
[Black "Püschel, Werner"]
[Result "0-1"]
[WhiteElo "2034"]
[BlackElo "2177"]
[PlyCount "60"]

1. e4 d5 2. exd5 Qxd5 3. Nc3 Qd6 4. d4 Nf6 5. Bc4 a6 6. Nf3 Bg4 7. O-O Nc6 8.
Be3 e6 9. h3 Bh5 10. Qe2 Be7 11. a3 b5 12. Bd3 Bg6 13. Rfd1 O-O 14. Bxg6 hxg6
15. Ng5 Na5 16. Qf3 Nc4 17. Bf4 Qb6 18. a4 b4 19. b3 Nb2 20. Rdb1 bxc3 21. Qxc3
Nd5 22. Qg3 Qxd4 23. Be5 Qd2 24. Nf3 Qxc2 25. Rxb2 Qc6 26. Nd4 Qd7 27. Rd1 c5
28. Ne2 Qc6 29. Rbb1 Rad8 30. h4 Nf6 0-1

[Event "32. Potsdamer Weihnachtsturnier"]
[Site "?"]
[Date "2007.12.29"]
[Round "5.6"]
[White "Pohl, Mathias"]
[Black "Peschke, Uwe"]
[Result "1-0"]
[WhiteElo "2059"]
[BlackElo "2144"]
[PlyCount "84"]
[EventDate "2007.??.??"]

1. d4 Nf6 2. c4 g6 3. Nc3 d5 4. cxd5 Nxd5 5. Na4 Bg7 6. e4 Nb6 7. Be3 O-O 8.
Nc3 Nc6 9. d5 Na5 10. Bd4 e5 11. Bxb6 cxb6 12. b4 b5 13. bxa5 Qxa5 14. Qb3 b4
15. Nb1 Qc5 16. Nd2 Bg4 17. Qe3 Qc2 18. Be2 Bxe2 19. Nxe2 f5 20. Qb3 Rac8 21.
Qxc2 Rxc2 22. Kd1 Rc5 23. Nb3 Rc4 24. Nd2 Rc5 25. Rc1 Rxc1+ 26. Nxc1 Bh6 27. f3
a5 28. Re1 Rd8 29. Re2 fxe4 30. fxe4 b5 31. Nd3 Rc8 32. Nxe5 Rc3 33. d6 Bg5 34.
Nef3 Bf4 35. e5 Kf7 36. g3 Bxd2 37. Nxd2 a4 38. e6+ Ke8 39. Ne4 Rd3+ 40. Kc2
Rf3 41. d7+ Ke7 42. Kd2 Rc3 1-0

[Event "32. Potsdamer Weihnachtsturnier"]
[Site "?"]
[Date "2007.12.29"]
[Round "5.7"]
[White "Stratonowitsch, Andre"]
[Black "Hein, Carsten"]
[Result "0-1"]
[WhiteElo "2008"]
[BlackElo "2133"]
[PlyCount "64"]

1. e4 c5 2. Nf3 d6 3. d4 cxd4 4. Nxd4 Nf6 5. Nc3 a6 6. Be2 e5 7. Nb3 Be6 8. Bg5
Nbd7 9. O-O Be7 10. Qd2 Rc8 11. Rfe1 b5 12. f3 Qc7 13. a3 Nb6 14. Na5 O-O 15.
Bd3 Rfd8 16. Qe2 Nc4 17. Bxc4 bxc4 18. Bd2 d5 19. exd5 Nxd5 20. Nxd5 Rxd5 21.
b4 cxb3 22. cxb3 Qc2 23. Nc4 Qxb3 24. Rac1 Rxc4 25. Qxc4 Qxc4 26. Rxc4 Rxd2 27.
Ra4 Bc5+ 28. Kh1 Rd6 29. Rae4 Bxa3 30. Rxe5 Bb4 31. Ra1 a5 32. Rb5 g6 0-1

[Event "32. Potsdamer Weihnachtsturnier"]
[Site "?"]
[Date "2007.12.29"]
[Round "5.8"]
[White "Schmidt, Jörg"]
[Black "Rietze, Clemens"]
[Result "0-1"]
[WhiteElo "2117"]
[BlackElo "2083"]
[PlyCount "58"]

1. e4 e5 2. Nf3 Nc6 3. Bc4 Nf6 4. Nc3 Nxe4 5. Bxf7+ Kxf7 6. Nxe4 d5 7. Neg5+
Kg8 8. d3 h6 9. Nh3 g5 10. Nhg1 Bg7 11. Ne2 Kh7 12. Ng3 Rf8 13. Nd2 Be6 14. O-O
Ne7 15. c4 c6 16. cxd5 cxd5 17. Nb3 Ng6 18. d4 e4 19. Be3 Nf4 20. Nc5 Bc8 21.
Qc2 Qe7 22. f3 b6 23. Nb3 Ba6 24. Rfc1 Nd3 25. Qc7 Qe8 26. Rd1 exf3 27. Bf2
fxg2 28. Rd2 Nxf2 29. Rxf2 Rc8 0-1

[Event "32. Potsdamer Weihnachtsturnier"]
[Site "?"]
[Date "2007.12.29"]
[Round "5.9"]
[White "Schöne, Ralf"]
[Black "Allgaier, Erik"]
[Result "1-0"]
[WhiteElo "2324"]
[BlackElo "2060"]
[PlyCount "47"]

1. d4 d6 2. Nf3 g6 3. g3 Bg7 4. Bg2 Nd7 5. c4 Ngf6 6. Nc3 e5 7. O-O O-O 8. e4
Re8 9. d5 Nc5 10. Qc2 a5 11. Bd2 Bg4 12. Ne1 c6 13. h3 Bd7 14. Nd3 Nxd3 15.
Qxd3 c5 16. f4 Nh5 17. f5 gxf5 18. exf5 Kh8 19. Ne4 Qb6 20. f6 Rg8 21. Qf3 Bxh3
22. Qxh5 Qxb2 23. Qxh3 Qd4+ 24. Kh2 1-0

[Event "32. Potsdamer Weihnachtsturnier"]
[Site "?"]
[Date "2007.12.29"]
[Round "5.10"]
[White "Trenner, Rolf"]
[Black "Langner, Tobias"]
[Result "0-1"]
[WhiteElo "2261"]
[BlackElo "2004"]
[PlyCount "122"]

1. d4 Nf6 2. c4 g6 3. Nc3 Bg7 4. e4 d6 5. Be2 O-O 6. h4 e5 7. d5 c6 8. h5 cxd5
9. cxd5 Na6 10. hxg6 fxg6 11. Be3 Qa5 12. Qd2 Nc5 13. Rb1 Qd8 14. f3 Nh5 15. b4
Nd7 16. Nh3 Nf4 17. Kf2 Nxh3+ 18. Rxh3 Nf6 19. Rhh1 Ng4+ 20. Ke1 Nxe3 21. Qxe3
Bf6 22. g3 Bg5 23. Qd3 a6 24. a4 Bd7 25. Kf2 Qb6+ 26. Kg2 Rac8 27. b5 a5 28.
Rb3 Rc5 29. Rhb1 Rfc8 30. Nd1 Rc2 31. R1b2 Qc5 32. Rxc2 Qxc2 33. Qxc2 Rxc2 34.
Kf2 Bd8 35. Rc3 Bb6+ 36. Ke1 Ra2 37. Rc4 Bc5 38. Nf2 Ra1+ 39. Nd1 Kf8 40. Kd2
Ke7 41. Bd3 Ra2+ 42. Bc2 Bh3 43. Kc3 Ra3+ 44. Bb3 Bf1 45. Rxc5 dxc5 46. Kb2
Rxb3+ 47. Kxb3 Be2 48. Nf2 Bxf3 49. Kc4 b6 50. Kd3 g5 51. Ke3 Bh5 52. g4 Be8
53. Nd3 Kd6 54. Nb2 h5 55. Nc4+ Kc7 56. Nxe5 h4 57. Kf3 Bd7 58. Nf7 Bxb5 59.
axb5 a4 60. e5 Kd7 61. e6+ Ke7 0-1

[Event "32. Potsdamer Weihnachtsturnier"]
[Site "?"]
[Date "2007.12.29"]
[Round "5.11"]
[White "Schulz, Wolfgang"]
[Black "Hadlich, Roland"]
[Result "1-0"]
[WhiteElo "2173"]
[BlackElo "1990"]
[PlyCount "62"]

1. e4 d5 2. exd5 Qxd5 3. d4 Nc6 4. Be3 e6 5. Nf3 Nf6 6. h3 Be7 7. Nbd2 a6 8.
Be2 b5 9. c4 bxc4 10. Bxc4 Qd8 11. Rc1 Bd7 12. O-O O-O 13. Qe2 a5 14. Ne5 Nxe5
15. dxe5 Nd5 16. Rfd1 c6 17. Ne4 Qb8 18. Bd4 f5 19. Nc5 Qd8 20. Qd2 Bc8 21. f4
h6 22. Kh1 Bh4 23. Bf2 Be7 24. b3 Rf7 25. Be2 Kh7 26. Bd3 g6 27. Rg1 Qf8 28.
Be3 Bd8 29. Bc4 Qe7 30. Nd3 Qh4 31. Bf2 g5 1-0

[Event "32. Potsdamer Weihnachtsturnier"]
[Site "?"]
[Date "2007.12.29"]
[Round "5.12"]
[White "Scholvin, Erich"]
[Black "Schmidt, David"]
[Result "0-1"]
[WhiteElo "2125"]
[BlackElo "1975"]
[PlyCount "46"]

1. d4 Nf6 2. Nf3 e6 3. e3 d5 4. Bd3 g6 5. O-O Bg7 6. b3 O-O 7. Bb2 b6 8. Nbd2
Bb7 9. c4 Nbd7 10. Rc1 Ne4 11. Qc2 Nxd2 12. Qxd2 c5 13. cxd5 exd5 14. Ba3 Rc8
15. Bb5 Nf6 16. dxc5 Ne4 17. Qd3 bxc5 18. Rc2 Qa5 19. Bc1 Rfd8 20. b4 cxb4 21.
Rxc8 Rxc8 22. Nd4 Nc3 23. a4 bxa3 0-1

[Event "32. Potsdamer Weihnachtsturnier"]
[Site "?"]
[Date "2007.12.29"]
[Round "5.13"]
[White "Schlüeter, Bernd"]
[Black "Illner, Kristof"]
[Result "1/2-1/2"]
[WhiteElo "2083"]
[BlackElo "2028"]
[PlyCount "77"]

1. d4 d5 2. Nf3 Nf6 3. c4 c6 4. Nc3 dxc4 5. e4 b5 6. e5 Nd5 7. a4 e6 8. axb5
Nxc3 9. bxc3 cxb5 10. Ng5 Bb7 11. Qh5 g6 12. Qg4 Be7 13. h4 h6 14. Ne4 Qd5 15.
f3 Nc6 16. Be2 b4 17. Be3 bxc3 18. Kf2 Nb4 19. Nxc3 Qc6 20. Rhc1 Nd5 21. Nxd5
exd5 22. f4 Qd7 23. f5 Qxf5+ 24. Qxf5 gxf5 25. g3 Kd7 26. Rcb1 Bc6 27. Ra6 Bd8
28. Kf3 Bb6 29. Kf4 f6 30. exf6 Rae8 31. Bf3 Ke6 32. f7 Re7 33. Bh5 Kf6 34. Kf3
Rxf7 35. Bxf7 Kxf7 36. Bf4 Bb7 37. Raxb6 axb6 38. Rxb6 Bc8 39. Rxh6 1/2-1/2

[Event "32. Potsdamer Weihnachtsturnier"]
[Site "?"]
[Date "2007.12.29"]
[Round "5.14"]
[White "Wiezer, Siegfried"]
[Black "Schrodt, Sebastian"]
[Result "0-1"]
[WhiteElo "2065"]
[BlackElo "164"]
[PlyCount "60"]

1. d4 Nf6 2. c4 g6 3. Nc3 c5 4. d5 e6 5. dxe6 fxe6 6. Bg5 Bg7 7. Qd2 O-O 8. h4
d5 9. h5 d4 10. Bxf6 Qxf6 11. Ne4 Qf5 12. f3 b5 13. hxg6 bxc4 14. gxh7+ Kh8 15.
g4 Qd5 16. Rh5 e5 17. Bg2 Be6 18. Nh3 Bf7 19. Rf5 Na6 20. g5 Qe6 21. Rf6 Bxf6
22. gxf6 Bg6 23. Nhg5 Qb6 24. Rc1 Rab8 25. Rxc4 Qxb2 26. Qxb2 Rxb2 27. Ra4 Nb4
28. Rxa7 d3 29. exd3 Bxe4 30. Rg7 Rxg2 0-1

[Event "32. Potsdamer Weihnachtsturnier"]
[Site "?"]
[Date "2007.12.29"]
[Round "5.15"]
[White "Blomel, Christopher"]
[Black "Bernhöft, Erhard"]
[Result "1/2-1/2"]
[WhiteElo "1839"]
[BlackElo "2031"]
[PlyCount "34"]

1. f4 g6 2. e4 Bg7 3. Nf3 c5 4. Bc4 e6 5. Nc3 Ne7 6. Qe2 O-O 7. e5 d5 8. exd6
Qxd6 9. Ne4 Qc7 10. O-O Nbc6 11. c3 Na5 12. Ne5 Nxc4 13. Qxc4 b6 14. d4 Bb7 15.
dxc5 Bd5 16. Qe2 bxc5 17. c4 Bb7 1/2-1/2

[Event "32. Potsdamer Weihnachtsturnier"]
[Site "?"]
[Date "2007.12.29"]
[Round "5.16"]
[White "Zimmermann, Rene"]
[Black "Friedrich, Jan"]
[Result "1/2-1/2"]
[WhiteElo "1917"]
[BlackElo "2160"]
[PlyCount "131"]

1. f4 Nf6 2. Nf3 g6 3. e3 Bg7 4. d4 O-O 5. Bd3 d6 6. e4 c5 7. d5 c4 8. Bxc4
Nxe4 9. Qe2 Nf6 10. O-O b5 11. Bb3 Bb7 12. Rd1 a6 13. Nc3 Nbd7 14. a3 Rc8 15.
Be3 Nb6 16. Bd4 Nc4 17. Bxc4 Rxc4 18. a4 Qc8 19. axb5 axb5 20. Ra7 b4 21. Rxb7
Rxd4 22. Rb5 Rxf4 23. Na2 Qa6 24. Ra1 Nxd5 25. Qf1 Ne3 26. Nxb4 Nxf1 27. Rxa6
Ne3 28. Nd3 Rg4 29. Nde1 Re4 30. c3 Rc8 31. Kf2 Ng4+ 32. Kf1 Bf6 33. h3 Ne5 34.
Nd2 Rf4+ 35. Ke2 Bh4 36. Nef3 Nxf3 37. Nxf3 Bf6 38. g3 Rfc4 39. Nd2 R4c6 40.
Rxc6 Rxc6 41. Kd3 Be5 42. Rb7 e6 43. g4 Bf4 44. Nb3 d5 45. Nd4 Rc7 46. Rb5 Kg7
47. Ne2 Be5 48. b3 Kf6 49. c4 dxc4+ 50. bxc4 Bh2 51. Nd4 Ke7 52. Nf3 Bf4 53. c5
f5 54. gxf5 gxf5 55. Kc4 Be3 56. Ne5 Kf6 57. Nd3 f4 58. Rb8 Kf5 59. Rf8+ Ke4
60. Re8 Kf5 61. Rf8+ Kg5 62. Kb5 Rd7 63. h4+ Kxh4 64. Nxf4 Bxf4 65. Rxf4+ Kg3
66. Re4 1/2-1/2

[Event "32. Potsdamer Weihnachtsturnier"]
[Site "?"]
[Date "2007.12.29"]
[Round "5.17"]
[White "Welz, Peter"]
[Black "Sonntag, Sven"]
[Result "1-0"]
[WhiteElo "2139"]
[BlackElo "1894"]
[PlyCount "41"]

1. e4 d5 2. exd5 Qxd5 3. Nc3 Qa5 4. d4 c6 5. Nf3 Bg4 6. h3 Bh5 7. Bc4 e6 8. Bd2
Qc7 9. Qe2 Nd7 10. g4 Bg6 11. d5 O-O-O 12. dxc6 Qxc6 13. O-O-O Bd6 14. Nd4 Qc5
15. Be3 Nb6 16. Bxe6+ fxe6 17. Nxe6 Qa5 18. Nxd8 Ba3 19. Qf3 Bxb2+ 20. Kb1 Nf6
21. Qxb7# 1-0

[Event "32. Potsdamer Weihnachtsturnier"]
[Site "?"]
[Date "2007.12.29"]
[Round "5.18"]
[White "Nekrassova"]
[Black "Platzek, Janine"]
[Result "0-1"]
[WhiteElo "1791"]
[BlackElo "2039"]
[PlyCount "72"]

1. e4 c5 2. Nf3 e6 3. d4 cxd4 4. Nxd4 a6 5. Nc3 b5 6. g3 Bb7 7. Bg2 Nf6 8. a3
Qc7 9. O-O Be7 10. Be3 d6 11. Rc1 O-O 12. f3 Qd7 13. Qd3 Nc6 14. Nce2 Ne5 15.
Qb3 Nc4 16. Rfd1 Nxe3 17. Qxe3 Rfc8 18. Qd3 Qc7 19. c3 d5 20. e5 Qxe5 21. f4
Qh5 22. Nf3 Bc5+ 23. Ned4 Ne4 24. Ne5 f6 25. Bf3 Qe8 26. Ng4 e5 27. fxe5 fxe5
28. Re1 exd4 29. cxd4 Bb6 30. Rcd1 Rc4 31. Bxe4 dxe4 32. Qe3 Rd8 33. Kh1 Rcxd4
34. Rxd4 Bxd4 35. Qe2 e3+ 36. Kg1 Qe4 0-1

[Event "32. Potsdamer Weihnachtsturnier"]
[Site "?"]
[Date "2007.12.29"]
[Round "5.19"]
[White "Geike, Eberhard"]
[Black "Scheide, Helmut"]
[Result "0-1"]
[WhiteElo "1739"]
[BlackElo "2008"]
[PlyCount "56"]

1. e4 e5 2. Nf3 Nc6 3. d4 exd4 4. Nxd4 Bc5 5. Nxc6 Qf6 6. Qe2 dxc6 7. Nc3 Ne7
8. Be3 Bb4 9. Bd2 Be6 10. a3 Ba5 11. f4 b5 12. Qf3 Qh4+ 13. g3 Bg4 14. Qg2 Qh5
15. Be2 Rd8 16. Bxg4 Qxg4 17. O-O Bb6+ 18. Kh1 O-O 19. f5 Rd7 20. Rf4 Qg5 21.
Raf1 Rfd8 22. Bc1 Bd4 23. Qh3 Bxc3 24. Rg4 Qf6 25. bxc3 Rd1 26. Bg5 Qxc3 27.
Qg2 Rxf1+ 28. Qxf1 Qxc2 0-1

[Event "32. Potsdamer Weihnachtsturnier"]
[Site "?"]
[Date "2007.12.29"]
[Round "5.21"]
[White "Schiffermüller, Stefan"]
[Black "Binder, Thomas"]
[Result "1/2-1/2"]
[WhiteElo "1964"]
[BlackElo "1832"]
[PlyCount "42"]

1. e4 d5 2. exd5 Nf6 3. d4 Nxd5 4. c4 Nb6 5. Nf3 g6 6. Bd2 Bg7 7. Bc3 O-O 8.
Be2 N8d7 9. O-O Re8 10. Nbd2 c6 11. Re1 e5 12. Qc2 exd4 13. Bxd4 Nf6 14. Bd3
Be6 15. Nb3 Nfd7 16. Bxg7 Kxg7 17. Nfd4 Qf6 18. Nxe6+ Rxe6 19. Rxe6 Qxe6 20.
Qc3+ Qf6 21. Qxf6+ Kxf6 1/2-1/2

[Event "32. Potsdamer Weihnachtsturnier"]
[Site "?"]
[Date "2007.12.29"]
[Round "5.22"]
[White "Gädke, Peter"]
[Black "Rackowiak, Hans"]
[Result "0-1"]
[WhiteElo "1971"]
[BlackElo "1964"]
[PlyCount "102"]

1. Nc3 d5 2. e4 dxe4 3. Nxe4 e6 4. d4 Qd5 5. Nc3 Bb4 6. Qg4 g6 7. Bd2 Bxc3 8.
Bxc3 Nf6 9. Qf3 Qxf3 10. Nxf3 Nd5 11. Bd2 O-O 12. Bd3 Nc6 13. a3 b6 14. c4 Nde7
15. Bf4 Rd8 16. Be4 f5 17. Bxc6 Nxc6 18. Bxc7 Rd7 19. Be5 Nxe5 20. dxe5 Bb7 21.
Ke2 Rad8 22. Rhd1 h6 23. Rxd7 Rxd7 24. Rd1 Rxd1 25. Kxd1 Kf7 26. Kd2 g5 27. Ne1
f4 28. Kd3 Kg6 29. Kd4 Kf5 30. b4 h5 31. h3 g4 32. hxg4+ hxg4 33. g3 Bc6 34.
Nd3 fxg3 35. fxg3 a6 36. Nb2 b5 37. Kc5 bxc4 38. Nxc4 Bd5 39. b5 axb5 40. Kxb5
Ke4 41. a4 Kf3 42. a5 Kxg3 43. Ne3 Ba8 44. Kc5 Kf3 45. Kd6 Kxe3 46. Kxe6 g3 47.
Kd7 g2 48. e6 g1=Q 49. e7 Qg7 50. Kd8 Qf6 51. Kd7 Bc6+ 0-1

[Event "32. Potsdamer Weihnachtsturnier"]
[Site "?"]
[Date "2007.12.29"]
[Round "5.23"]
[White "Hahn, Thomas"]
[Black "Müllhan, Klaus"]
[Result "0-1"]
[WhiteElo "1714"]
[BlackElo "1946"]
[PlyCount "90"]

1. d4 Nf6 2. Bf4 e6 3. e3 c5 4. c3 d5 5. Bd3 c4 6. Bc2 g6 7. Nf3 Nh5 8. Bg5 f6
9. Bh4 Be7 10. Nbd2 b6 11. Qe2 a5 12. O-O O-O 13. Rfe1 Nc6 14. Nf1 Bd7 15. Qd2
Qc7 16. Bg3 Nxg3 17. Nxg3 b5 18. e4 Bd6 19. exd5 exd5 20. Qh6 Rf7 21. Re2 Re8
22. Rae1 Rxe2 23. Rxe2 Bf8 24. Qc1 Nd8 25. h3 Ne6 26. Nf1 b4 27. Ne3 Nf4 28.
Re1 a4 29. Qd1 a3 30. Qb1 Qa5 31. b3 cxb3 32. Bxb3 bxc3 33. g3 Nxh3+ 34. Kg2
Kg7 35. Nxd5 Bc6 36. Ne3 Bxf3+ 37. Kxf3 Rb7 38. Qd3 Qh5+ 39. Kg2 Ng5 40. Rh1
Qf3+ 41. Kg1 Ne4 42. Rh2 Rxb3 43. axb3 h5 44. d5 a2 45. Qa6 c2 0-1

[Event "32. Potsdamer Weihnachtsturnier"]
[Site "?"]
[Date "2007.12.29"]
[Round "5.24"]
[White "Schulz, Alfred"]
[Black "Bachran, Boris"]
[Result "0-1"]
[WhiteElo "1516"]
[BlackElo "1932"]
[PlyCount "60"]

1. d4 d5 2. Nf3 c6 3. c4 Nf6 4. Nc3 e6 5. e3 Bb4 6. Bd2 O-O 7. Bd3 Nbd7 8. O-O
Re8 9. Re1 Bxc3 10. Bxc3 dxc4 11. Bxc4 Nd5 12. Bd3 Nxc3 13. bxc3 Qa5 14. Qc2 g6
15. Rab1 b6 16. e4 Bb7 17. e5 Rac8 18. Qd2 c5 19. Be4 Bxe4 20. Rxe4 cxd4 21.
Qh6 dxc3 22. Ng5 Nf8 23. Rh4 Qxe5 24. Nxh7 Nxh7 25. Qxh7+ Kf8 26. Qh6+ Ke7 27.
Qc1 c2 28. Qa3+ Qc5 29. Qxc5+ Rxc5 30. Rc1 Rd8 0-1

[Event "32. Potsdamer Weihnachtsturnier"]
[Site "?"]
[Date "2007.12.29"]
[Round "5.25"]
[White "Aleanakian, Gabriel"]
[Black "Grigoleit, Steven"]
[Result "1/2-1/2"]
[WhiteElo "1650"]
[BlackElo "1999"]
[PlyCount "33"]

1. Nf3 Nf6 2. c4 g6 3. Nc3 Bg7 4. e4 d6 5. d4 O-O 6. Be2 Nbd7 7. O-O e5 8. dxe5
Nxe5 9. Nxe5 dxe5 10. Bg5 h6 11. Qxd8 Rxd8 12. Bxf6 Bxf6 13. Nd5 Bg7 14. Rad1
Bd7 15. Nxc7 Rab8 16. Rd2 Bc6 17. Nd5 1/2-1/2

[Event "32. Potsdamer Weihnachtsturnier"]
[Site "?"]
[Date "2007.12.29"]
[Round "5.27"]
[White "Pugliese, Roland"]
[Black "Jäger, Marco"]
[Result "0-1"]
[WhiteElo "1447"]
[BlackElo "1867"]
[PlyCount "120"]

1. e4 c5 2. d4 cxd4 3. c3 d3 4. Bxd3 Nc6 5. Nf3 g6 6. Bf4 d6 7. Qc2 Bg7 8. Nbd2
Nf6 9. O-O O-O 10. Rad1 a6 11. Rfe1 Be6 12. Be2 Rc8 13. a3 b5 14. Ng5 Bg4 15.
Nb3 Qb6 16. Be3 Qb7 17. Bxg4 Nxg4 18. Qe2 Nxe3 19. Qxe3 Ne5 20. Nd2 Rfd8 21.
Ngf3 Nc6 22. Nb3 e6 23. Re2 Ne7 24. Red2 d5 25. exd5 Rxd5 26. Rxd5 Nxd5 27. Qe4
Qc7 28. Nbd4 Qc4 29. Ne5 Qa2 30. Nd3 h5 31. Nc2 Qb3 32. Qe2 Bxc3 33. Na1 Qa2
34. Qc2 Rc7 35. bxc3 Qxa3 36. Qb3 Qxb3 37. Nxb3 Rxc3 38. Nbc5 a5 39. Ra1 a4 40.
Rb1 b4 41. Rc1 Rxc1+ 42. Nxc1 Nc3 43. Kf1 Kf8 44. Ke1 Ke7 45. Kd2 Kd6 46. N5d3
Nd5 47. Kc2 e5 48. Ne2 e4 49. Nb2 Nb6 50. Nc1 Kc5 51. Nd1 Nc4 52. Nb2 b3+ 53.
Kc3 Nb6 54. Ne2 Nd5+ 55. Kd2 a3 56. Na4+ Kb4 57. Nac3 Nxc3 58. Nxc3 a2 59.
Nxa2+ bxa2 60. Kc2 a1=Q 0-1

[Event "32. Potsdamer Weihnachtsturnier"]
[Site "?"]
[Date "2007.12.29"]
[Round "5.28"]
[White "Köckeritz, Dieter"]
[Black "Schrodt, Sebastian"]
[Result "1/2-1/2"]
[WhiteElo "1580"]
[BlackElo "1670"]
[PlyCount "68"]

1. Nf3 c6 2. d4 d5 3. c4 Nf6 4. Nc3 dxc4 5. e3 Bf5 6. Bxc4 e6 7. O-O Nbd7 8.
Re1 Bb4 9. a3 Bxc3 10. bxc3 Nb6 11. Bd3 Bxd3 12. Qxd3 O-O 13. e4 h6 14. Bf4 c5
15. c4 cxd4 16. Nxd4 Nh5 17. Bxh6 gxh6 18. e5 Qg5 19. Nf3 Nf4 20. Qf1 Qg4 21.
Kh1 Qxg2+ 22. Qxg2+ Nxg2 23. Kxg2 Nxc4 24. Re4 Nb6 25. Rh4 Kh7 26. Ng5+ Kg6 27.
Ne4 Nd7 28. f4 Rac8 29. Kf3 f6 30. Rg1+ Kh7 31. Rg3 Rg8 32. Rxg8 Rxg8 33. exf6
Kg6 34. Rg4+ Kf7 1/2-1/2

[Event "32. Potsdamer Weihnachtsturnier"]
[Site "?"]
[Date "2007.12.29"]
[Round "5.29"]
[White "Lange, Werner"]
[Black "Scholz, Robert"]
[Result "1-0"]
[WhiteElo "1758"]
[BlackElo "1914"]
[PlyCount "64"]

1. e4 c5 2. Nf3 a6 3. d4 cxd4 4. Nxd4 Nf6 5. f3 e5 6. Nb3 d5 7. exd5 Nxd5 8. c4
Bb4+ 9. Bd2 Ne3 10. Qc1 Bxd2+ 11. N1xd2 Bf5 12. Ne4 Nxf1 13. Kxf1 Bxe4 14. fxe4
Qd3+ 15. Kf2 Qxe4 16. Re1 Qh4+ 17. Kg1 f6 18. Qe3 O-O 19. Qb6 Qxc4 20. Rac1 Qb5
21. Qe6+ Kh8 22. Rc7 Qe8 23. Qg4 g6 24. Qh3 h5 25. Qe3 g5 26. Qe4 Nd7 27. Rd1
Rd8 28. Nc5 f5 29. Qxb7 Nf6 30. Rc1 Rb8 31. Qa7 Ra8 32. Qb7 e4 1-0

[Event "32. Potsdamer Weihnachtsturnier"]
[Site "?"]
[Date "2007.12.29"]
[Round "5.30"]
[White "Bielek, Jakob"]
[Black "Karunaharamoorthy"]
[Result "0-1"]
[WhiteElo "1688"]
[BlackElo "1877"]
[PlyCount "50"]

1. e4 c5 2. Nf3 d6 3. d4 cxd4 4. Nxd4 Nf6 5. Nc3 g6 6. Be3 Bg7 7. Be2 Nc6 8.
Qd2 O-O 9. O-O-O Ng4 10. Bxg4 Bxg4 11. f3 Bd7 12. h4 Ne5 13. b3 h5 14. Bh6 Qa5
15. Bxg7 Kxg7 16. Nde2 Qa3+ 17. Kb1 Rfc8 18. Qg5 f6 19. Qc1 Qa5 20. Rd5 Rc5 21.
Qb2 Qc7 22. Rxc5 Qxc5 23. Nf4 Rc8 24. Nd3 Nxd3 25. cxd3 Qxc3 0-1

[Event "32. Potsdamer Weihnachtsturnier"]
[Site "?"]
[Date "2007.12.29"]
[Round "5.31"]
[White "Hildebrandt, Stephan"]
[Black "Grigoleit, Eckhard"]
[Result "1-0"]
[WhiteElo "1559"]
[BlackElo "1757"]
[PlyCount "83"]

1. d4 d5 2. c4 dxc4 3. Nc3 Nf6 4. Nf3 e6 5. e4 Bb4 6. Qc2 Nc6 7. a3 Be7 8. Be3
a6 9. Bxc4 b5 10. Bd3 Bb7 11. O-O Qd7 12. Rac1 O-O-O 13. Rfd1 Ng4 14. d5 Nxe3
15. fxe3 Na7 16. dxe6 Qxe6 17. Nd5 c6 18. Nd4 Qd6 19. Nf5 Qe6 20. Ndxe7+ Kb8
21. Qc5 Qb3 22. Nd6 Qxb2 23. Nxf7 Rxd3 24. Rxd3 Re8 25. Rd8+ Rxd8 26. Nxd8 Qf6
27. Nxb7 Kxb7 28. Rd1 Qe6 29. Nf5 Nc8 30. Nd6+ Nxd6 31. Rxd6 Qxe4 32. Qd4 Qb1+
33. Qd1 Qe4 34. Rd7+ Kc8 35. Rd8+ Kc7 36. Qd7+ Kb6 37. Qd4+ Qxd4 38. Rxd4 a5
39. e4 Kc5 40. Rd2 b4 41. axb4+ axb4 42. e5 1-0

[Event "32. Potsdamer Weihnachtsturnier"]
[Site "?"]
[Date "2007.12.29"]
[Round "3.33"]
[White "Steppan, Siegfried"]
[Black "Steinkrauß, Thilo"]
[Result "0-1"]
[WhiteElo "1583"]
[BlackElo "1280"]
[PlyCount "88"]

1. d4 d5 2. c4 c6 3. Nf3 Nf6 4. Nc3 Bg4 5. Ne5 e6 6. Nxg4 Nxg4 7. e3 Nf6 8.
cxd5 exd5 9. Bd3 Nbd7 10. Qb3 Qc7 11. O-O Bd6 12. f4 O-O 13. Bd2 Rfe8 14. Rac1
Qb6 15. Qc2 Rac8 16. Na4 Qd8 17. Nc5 Nxc5 18. dxc5 Bc7 19. Bf5 Rb8 20. Rf3 Ne4
21. Bxe4 Rxe4 22. Rh3 Ba5 23. b4 Bc7 24. Bc3 Qe7 25. Rf1 h6 26. Rg3 g6 27. Rh3
Kh7 28. Qf2 Rg8 29. f5 g5 30. f6 Qe6 31. Qf5+ Qxf5 32. Rxf5 Kg6 33. Rf1 Rc4 34.
Bd4 Rxb4 35. Rhf3 Re8 36. R3f2 b6 37. g4 bxc5 38. Bxc5 Rxg4+ 39. Rg2 Rxg2+ 40.
Kxg2 Bb6 41. Be7 Bxe3 42. Rf3 Bf4 43. Ra3 Be5 44. Rf3 Rb8 0-1